Air/particulate instrumentation and analysis /

Bibliographic Details
Other Authors: Cheremisinoff, Paul N., Akimoto, Hajime
Format: Book
Language:English
Published: Ann Arbor, Mich. : Ann Arbor Science Publishers, [1981]
Subjects:

MARC

Tag First Indicator Second Indicator Subfields
LEADER 00000cam a22000008a 4500
001 in00000071761
005 20151008062400.0
008 810624s1981 miua b 00100 eng
010 |a  81066260  
020 |a 0250404656 :  |c $39.95 
035 |a (OCoLC)07597662 
035 |9 AAK0104AM 
039 0 |a 2  |b 3  |c 3  |d 3  |e 3 
040 |a DLC  |c DLC  |d TXA  |d UtOrBLW 
049 |a TXAM  |c [1672295] 
050 0 0 |a QD121  |b .A33 
082 0 |a 628.5/3/028  |2 19 
245 0 0 |a Air/particulate instrumentation and analysis /  |c edited by Paul N. Cheremisinoff ; contributors, Hajime Akimoto [and others]. 
263 |a 8107 
264 1 |a Ann Arbor, Mich. :  |b Ann Arbor Science Publishers,  |c [1981] 
264 4 |c ©1981 
300 |a viii, 423 pages :  |b illustrations ;  |c 24 cm. 
336 |a text  |b txt  |2 rdacontent 
337 |a unmediated  |b n  |2 rdamedia 
338 |a volume  |b nc  |2 rdacarrier 
500 |a Includes bibliographies and index. 
650 0 |a Air  |x Analysis. 
650 0 |a Particles  |x Measurement. 
700 1 |a Cheremisinoff, Paul N. 
700 1 |a Akimoto, Hajime. 
999 |a MARS 
999 f f |s 6953be99-adf2-3848-8d7e-d81497fb0fe9  |i 6cc1f6cd-39fc-3765-9360-cff7ae82cff1  |t 0 
952 f f |p ric  |a Texas A&M University  |b Rellis Campus  |c Joint Library Facility  |d Remote Storage  |t 0  |e QD121 .A33  |h Library of Congress classification  |i unmediated -- volume  |m A14806211062 
998 f f |a QD121 .A33  |t 0  |l Remote Storage